[Event "Titled Tue 10th Jun Late"]
[Site "chess.com INT"]
[Date "2025.06.10"]
[Round "9"]
[White "Askarov, Bakhtiyar"]
[Black "Ersoz, Teoman Guney"]
[Result "1/2-1/2"]
[WhiteTitle "IM"]
[BlackTitle "CM"]
[WhiteElo "2297"]
[BlackElo "2052"]
[WhiteFideId "13701100"]
[BlackFideId "44537050"]
[EventDate "2025.06.10"]

1. e4 c5 2. Nc3 e6 3. g3 d5 4. exd5 exd5 5. Bg2 Nf6 6. d3 d4 7. Ne4 Nxe4 8. Bxe4
Nd7 9. Ne2 Nf6 10. Bg2 Bd6 11. O-O O-O 12. h3 Re8 13. Nf4 Qc7 14. b3 Bd7 15. Bd2
Bc6 16. a4 Bxg2 17. Kxg2 Re7 18. Qf3 Rae8 19. a5 Qd7 20. a6 b6 21. Rfe1 Bxf4 22.
Rxe7 Rxe7 23. Bxf4 Nd5 24. Bd2 f5 25. Rb1 Qc6 26. Kg1 g6 27. c4 Nb4 28. Qxc6
Nxc6 29. Kf1 Ne5 30. Re1 Kf7 31. Bf4 Nxd3 32. Rxe7+ Kxe7 33. Bb8 Nb4 34. Bxa7
Nxa6 35. Bxb6 Kd7 36. Ke2 Kc6 37. Bd8 Nb4 38. Kd2 Na2 39. Ba5 Kd6 40. f4 h5 41.
h4 Nb4 42. Bxb4 cxb4 43. Ke2 Kc6 44. Kf3 Kd6 45. Kf2 Kc6 46. Ke2 Kd6 47. Kd2 Kc6
48. Kd3 Kc5 49. Kc2 Kc6 50. Kd2 Kd6 51. Kd1 Kc6 52. Kc1 Kd6 53. Kd1 Kc6 54. Ke1
Kd6 55. Kd1 1/2-1/2

[Event "Titled Tue 10th Jun Late"]
[Site "chess.com INT"]
[Date "2025.06.10"]
[Round "9"]
[White "Gattani, Sarthak"]
[Black "Brancaleoni, Maurizio"]
[Result "0-1"]
[BlackTitle "FM"]
[WhiteElo "1944"]
[BlackElo "2185"]
[WhiteFideId "30995965"]
[BlackFideId "803022"]
[EventDate "2025.06.10"]

1. d4 Nf6 2. c4 b6 3. Nf3 Bb7 4. g3 g6 5. Bg2 Bg7 6. O-O O-O 7. Nc3 Ne4 8. Qc2
Nxc3 9. Qxc3 c5 10. Be3 Bxf3 11. Bxf3 Nc6 12. Bxc6 cxd4 13. Bxd4 Bxd4 14. Qxd4
dxc6 15. Rfd1 Qc7 16. Qe4 Rad8 17. e3 c5 18. b3 e6 19. Qf3 Kg7 20. Rxd8 Rxd8 21.
Rd1 Rd7 22. Rxd7 Qxd7 23. Kg2 h5 24. h4 Qd2 25. a4 Qb2 26. e4 Qd4 27. Qf4 e5 28.
Qf3 f6 29. Qe2 Kf7 30. Qf3 Ke6 31. g4 hxg4 32. Qxg4+ Kf7 33. h5 gxh5 34. Qxh5+
Ke7 35. Qf5 Qd3 36. Qf3 Qd2 37. Qg4 Kd6 38. Qf5 Qh6 39. Kf3 Ke7 40. Ke2 Qh1 41.
Qf3 Qc1 42. Qe3 Qc2+ 43. Kf3 Qd1+ 44. Kg2 Qg4+ 45. Kf1 Kd6 46. Qd3+ Kc7 47. Qe3
a6 48. f3 Qg3 49. Ke2 Qh2+ 50. Qf2 Qh6 51. a5 Qc1 52. axb6+ Kxb6 53. Qe3 Qxe3+
54. Kxe3 Ka5 55. f4 Kb4 56. fxe5 fxe5 57. Kf3 Kxb3 58. Kg4 a5 59. Kf5 a4 60.
Kxe5 a3 61. Kd6 a2 62. e5 a1=Q 63. e6 Qd4+ 64. Kc6 Qxc4 65. e7 Qe6+ 66. Kxc5
Qxe7+ 0-1

[Event "Titled Tue 10th Jun Late"]
[Site "chess.com INT"]
[Date "2025.06.10"]
[Round "9"]
[White "Alvarado, Carlos"]
[Black "Stankovic, Boris"]
[Result "1-0"]
[WhiteTitle "CM"]
[BlackTitle "FM"]
[WhiteElo "2032"]
[BlackElo "2298"]
[WhiteFideId "3800555"]
[BlackFideId "985317"]
[EventDate "2025.06.10"]

1. Nf3 Nf6 2. d4 g6 3. Bg5 Bg7 4. Nbd2 d5 5. c3 O-O 6. e3 b6 7. Bxf6 Bxf6 8. h4
h5 9. Ng5 c5 10. Be2 Kg7 11. Ndf3 Nc6 12. Qd2 Bf5 13. O-O-O c4 14. Ne5 Bxe5 15.
dxe5 Nxe5 16. Qxd5 Nd3+ 17. Rxd3 cxd3 18. Bf3 Qxd5 19. Bxd5 Rad8 20. e4 Bc8 21.
Rd1 Ba6 22. Kd2 e6 23. Bb3 Rfe8 24. Re1 Bc8 25. e5 Bb7 26. f3 Bd5 27. Re3 Bxb3
28. axb3 Rd5 29. f4 Rb5 30. b4 a5 31. Rxd3 axb4 32. c4 Rc5 33. Rd7 Rxc4 34. Nxf7
Kf8 35. Nd6 Rxf4 36. Nxe8 Kxe8 37. Rd6 Ke7 38. Rxb6 Rf2+ 39. Kc1 Rxg2 40. Rb7+
Ke8 41. Rxb4 Re2 42. Rb8+ Kd7 43. Rb7+ Kc6 44. Rg7 Rxe5 45. Rxg6 Kd6 46. Rh6 Rf5
47. Kd2 Kd5 48. Ke3 e5 49. b4 Rf4 50. Rxh5 Rxb4 51. Rh8 Rb3+ 52. Kd2 Rh3 53. h5
Kd4 54. Ke2 Rh2+ 55. Kf3 e4+ 56. Kg3 Rh1 57. Kg2 Rh4 58. Kg3 Rh1 59. Kg2 Ra1 60.
Rd8+ Ke3 61. h6 Ra7 62. Rg8 Ra6 63. h7 1-0

[Event "Titled Tue 10th Jun Late"]
[Site "chess.com INT"]
[Date "2025.06.10"]
[Round "9"]
[White "Aradhya, Garg"]
[Black "Esipenko, Andrey"]
[Result "0-1"]
[WhiteTitle "IM"]
[BlackTitle "GM"]
[WhiteElo "2370"]
[BlackElo "2689"]
[WhiteFideId "25006746"]
[BlackFideId "24175439"]
[EventDate "2025.06.10"]

1. d4 Nf6 2. c4 c6 3. Nc3 d5 4. cxd5 cxd5 5. Bf4 a6 6. e3 Nc6 7. Qb3 Na5 8. Qc2
g6 9. Bd3 Bg7 10. Nf3 O-O 11. h3 Nc6 12. a3 Bd7 13. O-O Rc8 14. Rfc1 e6 15. b4
Na7 16. Qe2 Qb6 17. Ne5 Bb5 18. Bxb5 Nxb5 19. Na4 Qa7 20. Nc5 b6 21. a4 Nxd4 22.
exd4 bxc5 23. dxc5 Ne4 24. f3 Nd6 25. Kh2 Nf5 26. Rab1 g5 27. Bxg5 f6 28. Bf4
Nd4 29. Qe3 fxe5 30. Bxe5 Bxe5+ 31. Qxe5 Qb8 32. Qxb8 Rxb8 33. Rd1 e5 34. Rd3
Kg7 35. Re3 Kf6 36. Rbe1 Rfe8 37. Rd1 Rxb4 38. f4 e4 39. g4 Rc8 40. Kg3 Rxc5 41.
Kh4 Rc2 42. a5 Rf2 0-1

[Event "Titled Tue 10th Jun Late"]
[Site "chess.com INT"]
[Date "2025.06.10"]
[Round "9"]
[White "Rustemov, Alexander"]
[Black "Fadi, Marko"]
[Result "1-0"]
[WhiteTitle "GM"]
[BlackTitle "FM"]
[WhiteElo "2525"]
[BlackElo "2298"]
[WhiteFideId "4119002"]
[BlackFideId "10605371"]
[EventDate "2025.06.10"]

1. d4 d5 2. c4 e6 3. Nc3 Nf6 4. Nf3 Be7 5. Bg5 h6 6. Bxf6 Bxf6 7. e3 O-O 8. Rc1
c6 9. Bd3 Nd7 10. O-O dxc4 11. Bxc4 c5 12. Ne4 cxd4 13. Nxd4 a6 14. Be2 Be7 15.
Qc2 Nf6 16. Rfd1 Nxe4 17. Qxe4 Qa5 18. a3 Rd8 19. Bf3 f5 20. Qc2 Bf6 21. g3 Rb8
22. Qc4 Qe5 23. b4 Bd7 24. Qc7 Qxc7 25. Rxc7 e5 26. Nb3 e4 27. Bxe4 Ba4 28.
Rxd8+ Rxd8 29. Bc2 Be5 30. Rc5 Bb2 31. Nd4 Bxa3 32. Bxa4 Bxb4 33. Rxf5 b5 34.
Bb3+ Kh7 35. Rf7 Bc3 36. Ra7 a5 37. Nxb5 Bb4 38. Nd4 Rc8 39. Kg2 Kh8 40. h4 Rc3
41. Bd5 Bc5 42. Ra8+ Kh7 43. Be4+ g6 44. h5 Kg7 45. hxg6 Bxd4 46. exd4 Rc4 47.
Ra7+ Kf8 48. g7+ Kg8 49. Bd5+ Kh7 50. g8=Q# 1-0

[Event "Titled Tue 10th Jun Late"]
[Site "chess.com INT"]
[Date "2025.06.10"]
[Round "9"]
[White "Amarasinghe, A A C B"]
[Black "Nalbandyan, Vahan"]
[Result "0-1"]
[WhiteTitle "CM"]
[BlackTitle "CM"]
[WhiteElo "1922"]
[BlackElo "2155"]
[WhiteFideId "9901809"]
[BlackFideId "13309439"]
[EventDate "2025.06.10"]

1. d4 Nf6 2. c4 c5 3. d5 b5 4. cxb5 a6 5. bxa6 g6 6. Nc3 Bxa6 7. g3 Bg7 8. Bg2
d6 9. Nf3 O-O 10. O-O Nbd7 11. Qc2 Ng4 12. Rb1 Qa5 13. Bd2 Rfb8 14. b3 Nge5 15.
Nxe5 Nxe5 16. a4 Qc7 17. h3 Rb7 18. f4 Nd7 19. Rfe1 Rab8 20. e4 Bd4+ 21. Kh2 h5
22. e5 dxe5 23. d6 Qxd6 24. Ne4 Qc7 25. Ng5 exf4 26. Rxe7 fxg3+ 27. Kh1 Qd6 28.
Rxf7 Ne5 29. Bf4 Rxf7 30. Nxf7 Kxf7 31. Re1 Re8 32. Qe4 Kg7 33. Bxg3 Re6 34. Qa8
Bd3 35. Qa7+ Re7 36. Qa8 g5 37. h4 Qf6 38. hxg5 Qxg5 39. Bh2 Ng4 40. Rxe7+ Qxe7
41. Qf3 Nf2+ 42. Kg1 Qe1+ 0-1

[Event "Titled Tue 10th Jun Late"]
[Site "chess.com INT"]
[Date "2025.06.10"]
[Round "9"]
[White "Skramstad, Oda Kofoed"]
[Black "Sakhayi, Mostafa"]
[Result "0-1"]
[WhiteTitle "WCM"]
[BlackTitle "CM"]
[WhiteElo "1898"]
[BlackElo "2166"]
[WhiteFideId "1564862"]
[BlackFideId "12512532"]
[EventDate "2025.06.10"]

1. d4 Nf6 2. c4 e6 3. Nc3 Bb4 4. Qc2 O-O 5. a3 Bxc3+ 6. Qxc3 d5 7. Nf3 dxc4 8.
Bg5 b5 9. a4 c6 10. Qc2 h6 11. Bh4 Nbd7 12. axb5 cxb5 13. e4 Qb6 14. Be2 Bb7 15.
e5 Nd5 16. O-O Nf4 17. Rfd1 Rac8 18. Qd2 Bxf3 19. Bxf3 Nd3 20. Be4 Qxd4 21. Bxd3
Qxh4 22. Bxc4 Nxe5 23. Bxb5 Rfd8 24. Qe2 Ng4 25. h3 Rxd1+ 26. Rxd1 Nf6 27. Qe3
Qb4 28. Bf1 a5 29. Qe5 Rb8 30. Kh2 Nd5 31. Rb1 a4 32. Bd3 Qb3 33. Qe4 g6 34. Bc4
Nf6 35. Qf4 Qb4 36. b3 Kg7 37. Qe3 a3 38. Qd4 Rb6 39. Ra1 Rd6 40. Qe5 Rd2 41.
Qe3 Rb2 42. g4 Qd6+ 43. Kg2 e5 0-1

[Event "Titled Tue 10th Jun Late"]
[Site "chess.com INT"]
[Date "2025.06.10"]
[Round "9"]
[White "Kalyani Sirin"]
[Black "Medina Paz, Miguel"]
[Result "0-1"]
[WhiteTitle "WFM"]
[BlackTitle "IM"]
[WhiteElo "2138"]
[BlackElo "2368"]
[WhiteFideId "33323500"]
[BlackFideId "7300379"]
[EventDate "2025.06.10"]

1. e4 c5 2. Nf3 Nc6 3. Bb5 g6 4. O-O Bg7 5. c3 Nf6 6. Re1 O-O 7. d4 d5 8. e5 Ne4
9. Bxc6 bxc6 10. Be3 cxd4 11. cxd4 Bg4 12. h3 Bxf3 13. gxf3 f5 14. fxe4 dxe4 15.
Nc3 Qc8 16. Kh2 c5 17. Nd5 Qe6 18. Nc7 Qd7 19. Nxa8 f4 20. Bc1 e3 21. fxe3 f3
22. Rf1 Rxa8 23. Qxf3 Rf8 24. Qg4 Qa4 25. Rxf8+ Bxf8 26. b3 Qb5 27. Ba3 Bh6 28.
Qe6+ Kh8 29. Qc4 Qa5 30. Qc1 cxd4 31. Bxe7 Qxe5+ 32. Kg2 Qe4+ 33. Kf1 Qxe7 34.
Qc8+ Kg7 35. Rc1 dxe3 36. Rc7 e2+ 37. Ke1 Bd2+ 38. Kxd2 e1=Q+ 39. Kc2 Qe2+ 40.
Kb1 Qf1+ 41. Kb2 Qe2+ 42. Kb1 Qf1+ 43. Kb2 Qf2+ 44. Kb1 Qg1+ 45. Rc1 Qe4+ 46.
Kb2 Qgd4+ 47. Ka3 Qb4+ 48. Kb2 Qe2+ 49. Rc2 Qd4+ 50. Ka3 Qe7+ 0-1

[Event "Titled Tue 10th Jun Late"]
[Site "chess.com INT"]
[Date "2025.06.10"]
[Round "9"]
[White "Mahdavi, Reza"]
[Black "Woodward, Andy"]
[Result "0-1"]
[WhiteTitle "IM"]
[BlackTitle "GM"]
[WhiteElo "2454"]
[BlackElo "2567"]
[WhiteFideId "12595926"]
[BlackFideId "30953499"]
[EventDate "2025.06.10"]

1. e4 e5 2. Nf3 Nc6 3. Nc3 g6 4. d4 exd4 5. Nxd4 Bg7 6. Be3 Nf6 7. Qd2 O-O 8.
O-O-O Re8 9. f3 d5 10. exd5 Nxd5 11. Bg5 Qd7 12. Nxc6 Nxc3 13. Qxd7 Bxd7 14.
Ne7+ Rxe7 15. bxc3 f6 16. Bc4+ Be6 17. Bxe6+ Rxe6 18. Bf4 Re7 19. Rhe1 Rae8 20.
Rxe7 Rxe7 21. Rd8+ Kf7 22. Ra8 a6 23. Rb8 g5 24. Bg3 c6 25. Kb2 f5 26. Kb3 Kg6
27. a4 a5 28. Bd6 Re3 29. Rxb7 Rxc3+ 30. Ka2 Rxc2+ 31. Kb1 Rxg2 32. Rb6 Kf7 33.
Rxc6 Bd4 34. Bc7 h5 35. Rc4 Bf6 36. Bxa5 Rxh2 37. Bc7 Rb2+ 38. Kc1 Ra2 39. Kb1
Ra1+ 40. Kc2 g4 41. fxg4 fxg4 42. Kb3 Ke6 43. a5 Kd5 44. Rc2 h4 45. Kb4 Rb1+ 46.
Ka4 g3 47. a6 Bd4 48. Rd2 Kc5 49. Rc2+ Kd5 50. Rd2 Kc4 51. Rc2+ Kd3 52. Rc6 g2
53. Bh2 Rh1 54. Rg6 Rxh2 55. Kb5 g1=Q 0-1

[Event "Titled Tue 10th Jun Late"]
[Site "chess.com INT"]
[Date "2025.06.10"]
[Round "9"]
[White "Csonka, Balazs"]
[Black "Mei, Austin"]
[Result "1-0"]
[WhiteTitle "IM"]
[BlackTitle "FM"]
[WhiteElo "2467"]
[BlackElo "2280"]
[WhiteFideId "742910"]
[BlackFideId "30948479"]
[EventDate "2025.06.10"]

1. d4 Nf6 2. c4 c5 3. Nf3 e6 4. Nc3 a6 5. e4 cxd4 6. Nxd4 d6 7. Be2 Nbd7 8. O-O
Be7 9. f4 O-O 10. Be3 Qc7 11. Rc1 b6 12. b4 Bb7 13. Qd3 Rfe8 14. g4 e5 15. Nd5
Qd8 16. Nxe7+ Rxe7 17. Nf5 Bxe4 18. Nxe7+ Qxe7 19. Qd2 Bb7 20. Rcd1 d5 21. Bf3
e4 22. Be2 h5 23. g5 Ne8 24. cxd5 Nd6 25. f5 Ne5 26. f6 Qd7 27. fxg7 Qh3 28. Bf4
Re8 29. Bxe5 Rxe5 30. Qf4 Rf5 31. Qg3 Qxg3+ 32. hxg3 Rxg5 33. Kh2 Kxg7 34. Rd4
Re5 35. Rf4 f5 36. Bxh5 Bxd5 37. Be2 b5 38. Rf1 Nf7 39. a4 bxa4 40. Bxa6 Ng5 41.
Be2 Bc6 42. Rc1 Be8 43. Rc7+ Kf6 44. Rd6+ Ne6 45. Ra7 Bb5 46. Bxb5 Rxb5 47. Rxa4
Ke5 48. Rd1 Nd4 49. Kg2 Nc6 50. Rc1 Rb6 51. Rc5+ Kd6 52. Rxf5 Nxb4 53. Rf6+ 1-0

[Event "Titled Tue 10th Jun Late"]
[Site "chess.com INT"]
[Date "2025.06.10"]
[Round "9"]
[White "Pereyra, Horacio"]
[Black "Deichmann, Esteban Horacio"]
[Result "1-0"]
[WhiteElo "2133"]
[BlackElo "2103"]
[WhiteFideId "113700"]
[BlackFideId "167410"]
[EventDate "2025.06.10"]

1. d4 d5 2. Nc3 e5 3. dxe5 d4 4. Ne4 Bf5 5. Ng3 Bg6 6. Nf3 c5 7. h4 h5 8. e3 Nc6
9. Bd3 Nge7 10. O-O Qd7 11. exd4 cxd4 12. Qe2 O-O-O 13. Bg5 Re8 14. Rfe1 Nd5 15.
Bxg6 fxg6 16. e6 Qc7 17. Qb5 Ndb4 18. Nxd4 a6 19. Qc4 Nxd4 20. Qxd4 Bc5 21. Qc3
Nxc2 22. Rac1 Nxe1 23. Qxe1 Kb8 24. b4 Qxg3 25. bxc5 Qc7 26. e7 Rc8 27. c6 bxc6
28. Qe4 Ka8 29. Bf4 Qd7 30. Qa4 Qb7 31. Bd6 Qb5 32. Qc2 Qf5 33. Qe2 Qb5 34. Qe6
Rhe8 35. Rc5 Qb1+ 36. Kh2 Qb6 37. a4 Rc7 38. a5 Qa7 39. g3 Rcc8 40. Qc4 Qb7 41.
Qe6 Qb2 42. Qe3 Qf6 43. Qd3 Ka7 44. Qe3 Ka8 45. Qd3 Kb7 46. Qb3+ Ka7 47. Qb6+
Ka8 48. Qxa6# 1-0

[Event "Titled Tue 10th Jun Late"]
[Site "chess.com INT"]
[Date "2025.06.10"]
[Round "9"]
[White "Vlassov, Nikolai"]
[Black "Adewumi, Tanitoluwa"]
[Result "1/2-1/2"]
[WhiteTitle "IM"]
[BlackTitle "FM"]
[WhiteElo "2291"]
[BlackElo "2362"]
[WhiteFideId "4103360"]
[BlackFideId "30966396"]
[EventDate "2025.06.10"]

1. e4 c5 2. c3 Nf6 3. e5 Nd5 4. d4 cxd4 5. cxd4 e6 6. Nc3 Nxc3 7. bxc3 d6 8. f4
Qh4+ 9. g3 Qd8 10. Nf3 Bd7 11. Bd3 Bc6 12. O-O Be7 13. f5 exf5 14. Bxf5 g6 15.
Bc2 Qa5 16. Bb3 Qxc3 17. Bd2 Qd3 18. exd6 Bxd6 19. Bxf7+ Kd7 20. Ne5+ Bxe5 21.
dxe5 Na6 22. e6+ Kc8 23. e7 Qd4+ 24. Rf2 Qe4 25. Be6+ Qxe6 26. Rf8+ Kc7 27. Bf4+
Kb6 28. Rb1+ Kc5 29. Rc1+ Kb6 30. Qd4+ Nc5 31. Qxc5+ Ka6 32. Bd2 Qxa2 33. Qc3
Qd5 34. Ra1+ Kb6 35. Qa5+ Qxa5 36. Bxa5+ Kb5 37. Rxh8 Rxh8 38. Bd8 Re8 39. Rxa7
Kc5 40. Ra1 Kd6 41. Rd1+ Ke6 42. Re1+ Kd7 43. Rd1+ Ke6 44. Kf2 b5 45. Ke3 Bd5
46. Kd4 Bc4 47. Kc5 h5 48. Re1+ Kd7 49. Rd1+ Ke6 50. Re1+ Kd7 51. Rd1+ Ke6 1/2-1/2

[Event "Titled Tue 10th Jun Late"]
[Site "chess.com INT"]
[Date "2025.06.10"]
[Round "9"]
[White "Le, Tuan Minh"]
[Black "Povshednyi, Ivan"]
[Result "1-0"]
[WhiteTitle "GM"]
[BlackTitle "FM"]
[WhiteElo "2598"]
[BlackElo "2309"]
[WhiteFideId "12401153"]
[BlackFideId "14190907"]
[EventDate "2025.06.10"]

1. d4 Nf6 2. Nf3 e6 3. Bf4 c5 4. c3 b6 5. e3 Be7 6. Bd3 cxd4 7. cxd4 O-O 8. O-O
Ba6 9. Nc3 Bxd3 10. Qxd3 d5 11. Rfc1 Nc6 12. a3 Rc8 13. Qa6 Qd7 14. Nb5 Ne4 15.
h3 f6 16. b4 e5 17. dxe5 fxe5 18. Nxe5 Nxe5 19. Bxe5 Rxc1+ 20. Rxc1 Nxf2 21. Nd4
Nxh3+ 22. gxh3 Qxh3 23. Qe2 Bg5 24. Bf4 Bxf4 25. exf4 Qg3+ 26. Kh1 Qxf4 27. Rd1
Qh4+ 28. Qh2 Qe4+ 29. Qg2 Qh4+ 30. Kg1 Qh5 31. Ne2 Rf5 32. Rd3 Rg5 33. Ng3 Qf7
34. Rf3 Qe6 35. Qf2 h6 36. Kh2 Kh7 37. Qc2+ Qg6 38. Qxg6+ Kxg6 39. Ne2 Re5 40.
Nd4 Re4 41. Nc6 a6 42. Kg3 h5 43. Rd3 h4+ 44. Kf3 h3 45. Rxd5 Rh4 46. Rd1 h2 47.
Rh1 Rh3+ 48. Kg4 Rxa3 49. Rxh2 Ra4 50. Kf3 a5 51. b5 Ra3+ 52. Ke4 Rb3 53. Nd4
Rb1 54. Kd5 Kf6 55. Kc6 g5 56. Kxb6 g4 57. Kxa5 Kg5 58. Rg2 Kf4 59. Ne2+ Kf3 60.
Rg3+ Kxe2 61. Rxg4 Kd3 62. b6 Kc3 63. Ka6 Ra1+ 64. Kb5 Rb1+ 65. Kc5 Rh1 66. b7
Rh5+ 67. Kb6 Rh8 68. Ka7 Rh7 69. Ka8 Rh4 70. Rxh4 1-0

[Event "Titled Tue 10th Jun Late"]
[Site "chess.com INT"]
[Date "2025.06.10"]
[Round "9"]
[White "Thomforde-Toates, Noah"]
[Black "Panin, Mikhail"]
[Result "1-0"]
[BlackTitle "CM"]
[WhiteElo "2128"]
[BlackElo "2255"]
[WhiteFideId "30951992"]
[BlackFideId "34164992"]
[EventDate "2025.06.10"]

1. d4 Nf6 2. Nc3 d5 3. Bf4 c5 4. e4 Nxe4 5. Nxe4 dxe4 6. dxc5 Qa5+ 7. c3 Qxc5 8.
Qa4+ Nc6 9. Qxe4 g6 10. Nf3 Bg7 11. Qe3 Qxe3+ 12. Bxe3 O-O 13. Bb5 Bd7 14. O-O-O
Rfd8 15. Bc5 Be8 16. Bxc6 Bxc6 17. Bxe7 Re8 18. Bg5 b5 19. Rhe1 a5 20. Rxe8+
Rxe8 21. Rd8 Kf8 22. Rxe8+ Kxe8 23. Ne1 Bd5 24. a3 Kd7 25. f3 Be5 26. h3 Bc4 27.
Kc2 Bf1 28. Bh4 h6 29. Bf2 Kc6 30. h4 h5 31. g3 Bg7 32. b3 Bf8 33. Kb2 Be2 34.
f4 a4 35. Nc2 Kd5 36. Nd4 Bd3 37. Nf3 axb3 38. Kxb3 Bc4+ 39. Kb2 Be7 40. Ne5 Bf6
41. Nxf7 Ke4 42. Nd6+ Kf3 43. Nxc4 bxc4 44. Bd4 Bd8 45. Be5 Ba5 46. a4 Ke4 47.
Kc2 Ke3 48. Bd6 Kf3 49. Kd2 Kf2 50. Bb4 Bb6 51. a5 Bc7 52. a6 Bb6 53. Bd6 Ba7
54. Kc2 Kf3 55. Kb2 Ke4 56. Ka3 Kd5 57. Be5 1-0

[Event "Titled Tue 10th Jun Late"]
[Site "chess.com INT"]
[Date "2025.06.10"]
[Round "9"]
[White "Stojanovski, Sandi"]
[Black "Avramidou, Anastasia"]
[Result "1-0"]
[WhiteTitle "FM"]
[BlackTitle "FM"]
[WhiteElo "2169"]
[BlackElo "2294"]
[WhiteFideId "1403249"]
[BlackFideId "4239873"]
[EventDate "2025.06.10"]

1. d3 d5 2. Nf3 g6 3. g3 Bg7 4. Bg2 Nf6 5. O-O O-O 6. c4 Nc6 7. cxd5 Nxd5 8. a3
Bg4 9. h3 Bd7 10. e4 Nb6 11. Nc3 h6 12. Be3 Qc8 13. Kh2 Rd8 14. Qc2 Be6 15. Ne2
a5 16. d4 Bc4 17. d5 Ne5 18. Nxe5 Bxe5 19. Bxh6 Ba6 20. Be3 Nc4 21. Bd4 c6 22.
Rac1 cxd5 23. exd5 Bxd4 24. Nxd4 Nd6 25. Rfe1 Qxc2 26. Rxc2 Rd7 27. a4 Kf8 28.
b3 Rc8 29. Rec1 Rxc2 30. Rxc2 b6 31. Rc6 Rb7 32. f4 Ke8 33. h4 Kd8 34. g4 Rb8
35. Rc3 Ke8 36. Kg3 Bc8 37. h5 Kf8 38. h6 Bd7 39. g5 f6 40. Rc7 Rd8 41. Nc6 Bxc6
42. dxc6 Nf5+ 43. Kf2 Rd2+ 44. Kg1 Rd1+ 45. Kh2 Rd2 46. Rd7 Rc2 47. c7 Kf7 48.
h7 Kg7 49. h8=Q+ Kxh8 50. Rd8+ Kg7 51. c8=Q Rxc8 52. Rxc8 Nd4 53. Rb8 Nxb3 54.
Rxb6 Nc5 55. gxf6+ exf6 56. Bc6 Nd3 57. Ra6 Nxf4 58. Rxa5 Ne6 59. Bd5 Nd4 60.
Rc5 f5 61. a5 Kf6 62. a6 Ke5 63. a7 Kd6 64. Ra5 1-0

[Event "Titled Tue 10th Jun Late"]
[Site "chess.com INT"]
[Date "2025.06.10"]
[Round "9"]
[White "Tristan, Leonardo"]
[Black "Sliwicka, Alicja"]
[Result "1-0"]
[WhiteTitle "GM"]
[BlackTitle "WGM"]
[WhiteElo "2536"]
[BlackElo "2299"]
[WhiteFideId "113816"]
[BlackFideId "1150677"]
[EventDate "2025.06.10"]

1. d4 Nf6 2. Nf3 c5 3. c3 e6 4. Bf4 Nc6 5. e3 b6 6. Nbd2 Be7 7. h3 Bb7 8. Bd3 h6
9. O-O g5 10. Bh2 g4 11. hxg4 Nxg4 12. Bg3 h5 13. Nh2 Nxh2 14. Bxh2 d6 15. Be4
Qd7 16. d5 Nd8 17. dxe6 fxe6 18. Bxb7 Qxb7 19. Qf3 Qxf3 20. Nxf3 Kd7 21. e4 Kc6
22. b4 Nf7 23. a4 h4 24. Rfd1 Rag8 25. Kf1 Rg4 26. Nd2 Rhg8 27. g3 hxg3 28. Bxg3
e5 29. Ke2 Bh4 30. b5+ Kc7 31. Bxh4 Rxh4 32. Rg1 Rxg1 33. Rxg1 Rh7 34. Nc4 Kd7
35. a5 bxa5 36. Ra1 Rh4 37. f3 d5 38. Rd1 d4 39. cxd4 exd4 40. Ra1 Rh2+ 41. Kd3
Rf2 42. e5 Rxf3+ 43. Ke4 Rc3 44. Kd5 d3 45. e6+ Ke7 46. exf7 d2 47. Rd1 a4 48.
Rxd2 a3 49. Ra2 Kxf7 50. Rxa3 Rxa3 51. Nxa3 Ke7 52. Kxc5 Kd7 53. Nc2 Kc7 54. Nb4
Kb7 55. Na6 Ka8 56. Kb4 Kb7 57. Ka5 Ka8 58. Nc5 Kb8 59. Ka6 Ka8 60. Nd3 Kb8 61.
Ne5 Ka8 62. Nf7 Kb8 63. Ng5 Ka8 64. Ne6 Kb8 65. Nc7 Kxc7 66. Kxa7 Kd6 67. b6 Kc5
68. b7 1-0

[Event "Titled Tue 10th Jun Late"]
[Site "chess.com INT"]
[Date "2025.06.10"]
[Round "9"]
[White "Mitrabha, Guha"]
[Black "Yeganegi, Barad"]
[Result "0-1"]
[WhiteTitle "GM"]
[BlackTitle "FM"]
[WhiteElo "2515"]
[BlackElo "2400"]
[WhiteFideId "5057000"]
[BlackFideId "42516340"]
[EventDate "2025.06.10"]

1. Nf3 d5 2. g3 g6 3. Bg2 Bg7 4. c4 c6 5. O-O Nf6 6. Qa4 dxc4 7. Qxc4 O-O 8. d3
Nbd7 9. Qc2 e5 10. Nc3 Re8 11. Rb1 Nb6 12. b4 Nbd5 13. Bg5 Nxc3 14. Qxc3 h6 15.
Bxf6 Bxf6 16. Qc2 Bg7 17. Nd2 Be6 18. a4 Rc8 19. Rfc1 h5 20. Ne4 b6 21. h4 Bd5
22. Bf3 Bh6 23. e3 Qe7 24. b5 c5 25. Nf6+ Qxf6 26. Bxd5 Qd6 27. Qc4 Re7 28. Rd1
Rd8 29. e4 Kg7 30. Ra1 f5 31. a5 f4 32. axb6 axb6 33. Ra2 Rf8 34. Qc2 g5 35.
hxg5 Bxg5 36. Rda1 Qg6 37. Kh1 Kh6 38. Rg1 fxg3 39. Rxg3 Qf6 40. Qe2 Bf4 41. Rh3
Qg5 42. f3 Rg7 43. Qg2 Qf6 44. Qf1 Be3 45. Rg2 Rg5 46. Bb3 Ra8 47. Bd1 Bf4 48.
Rxg5 Qxg5 49. Qg2 Ra1 50. Qe2 Be3 51. f4 Qg1# 0-1

[Event "Titled Tue 10th Jun Late"]
[Site "chess.com INT"]
[Date "2025.06.10"]
[Round "9"]
[White "Harish, Neeraj"]
[Black "McDonald, Jhustice-Dimonte"]
[Result "0-1"]
[WhiteTitle "CM"]
[BlackTitle "CM"]
[WhiteElo "2192"]
[BlackElo "2032"]
[WhiteFideId "30958130"]
[BlackFideId "7402481"]
[EventDate "2025.06.10"]

1. c4 b6 2. d4 Bb7 3. Nf3 Nf6 4. g3 e6 5. Bg2 Bb4+ 6. Bd2 Qe7 7. O-O Bxd2 8.
Qxd2 O-O 9. Nc3 d6 10. Rad1 a6 11. Rfe1 Nbd7 12. Qc2 e5 13. d5 c6 14. e4 a5 15.
b3 Nc5 16. Nh4 g6 17. Qd2 Kg7 18. f4 cxd5 19. exd5 e4 20. Nxe4 Nfxe4 21. Bxe4
Nxe4 22. Qd4+ Qf6 23. Rxe4 a4 24. b4 Rfe8 25. Qxf6+ Kxf6 26. Rde1 Rxe4 27. Rxe4
b5 28. a3 bxc4 29. Rxc4 Bxd5 30. Rd4 Ke6 31. f5+ gxf5 32. Nxf5 Rc8 33. Ne3 Rc1+
34. Kf2 Bc6 35. Nc4 Rc2+ 36. Ke3 Bd5 37. Nb6 Bb3 38. b5 d5 39. Nxa4 Bxa4 40.
Rxa4 Rb2 41. Rb4 Ra2 42. b6 Rxa3+ 43. Kd4 Ra8 44. b7 Rb8 45. Rb6+ Kd7 46. Kxd5
Kc7 47. Rb2 Rd8+ 48. Ke5 Kb8 49. Kf6 Rd7 50. Rb3 Rc7 51. g4 Rc2 52. h4 Rc4 53.
Kg5 Rc5+ 54. Kh6 Rc4 55. Kh5 Rc5+ 56. g5 f6 57. Kh6 fxg5 58. hxg5 Rc7 59. Rb5
Rf7 0-1

[Event "Titled Tue 10th Jun Late"]
[Site "chess.com INT"]
[Date "2025.06.10"]
[Round "9"]
[White "Szpar, Milosz"]
[Black "Demirtas, Alper"]
[Result "1-0"]
[WhiteTitle "IM"]
[BlackTitle "CM"]
[WhiteElo "2495"]
[BlackElo "2205"]
[WhiteFideId "1184989"]
[BlackFideId "44576781"]
[EventDate "2025.06.10"]

1. e4 e6 2. d4 d5 3. Nc3 dxe4 4. Nxe4 Nd7 5. g3 Ngf6 6. Nxf6+ Nxf6 7. Bg2 e5 8.
Ne2 exd4 9. O-O Bc5 10. b3 O-O 11. Bb2 Bg4 12. Qd3 Bxe2 13. Qxe2 c6 14. Rad1 Re8
15. Qc4 Qb6 16. a4 a5 17. Bxd4 Bxd4 18. Rxd4 Rad8 19. Rf4 Rd2 20. Bf3 Nd5 21.
Bxd5 Rxd5 22. Qc3 Qc5 23. Qf3 f6 24. c3 Qd6 25. b4 Rd3 26. Qh5 g6 27. Qxa5 Rxc3
28. Qb6 Rd3 29. Qxb7 Rd1 30. Qa6 Ree1 31. Rxe1 Rxe1+ 32. Kg2 Qd5+ 33. Rf3 Rc1
34. Qd3 Qxd3 35. Rxd3 Rb1 36. a5 Rxb4 37. Ra3 Rb7 38. a6 Ra7 39. Kf3 Kf7 40. Ke3
Ke6 41. Kd4 Kd6 42. Kc4 Kc7 43. Kc5 Ra8 44. a7 Kb7 45. g4 f5 46. gxf5 gxf5 47.
Rh3 Kxa7 48. Ra3+ Kb7 49. Rxa8 Kxa8 50. Kxc6 Kb8 51. f4 Kc8 52. Kd6 Kd8 53. Ke6
Ke8 54. Kxf5 Kf7 55. Ke5 Ke7 56. f5 Kf7 57. f6 Kf8 58. Ke6 Ke8 59. f7+ Kf8 60.
Kf6 h5 61. Kg6 h4 62. h3 Ke7 63. Kg7 Ke6 64. f8=Q Ke5 65. Qf3 1-0